|
|
|
|
| LEADER |
00000nab a2200000 a 4500 |
| 001 |
vtls011568702 |
| 003 |
SK-MaSNL |
| 005 |
20260305031658.0 |
| 008 |
160721 2016 xo q 000 0 slo |
| 038 |
|
|
|a PPPK
|
| 040 |
|
|
|a PPPKCL
|b slo
|c PPPK
|e AACR2
|
| 041 |
0 |
|
|a slo
|
| 044 |
|
|
|a xo
|c SK
|
| 080 |
|
|
|a 796.034.2
|2 2001
|
| 080 |
|
|
|a 796.093
|2 2011
|
| 100 |
1 |
|
|a Svocáková, Edita
|4 aut
|9 1609435
|
| 245 |
1 |
0 |
|a Do Svetového dňa pohybu sa zapojilo takmer 50 % Beľanov
|c Mgr. Edita Svocáková, Školský úrad Spišská Belá
|
| 300 |
|
|
|b Fotogr.
|
| 611 |
2 |
7 |
|a Challenge Day
|d (2016 :
|c Spišská Belá, Slovensko)
|2 pppkcl
|9 1610031
|
| 648 |
|
7 |
|a 25.5.2016
|2 pppkcl
|9 1090978
|
| 650 |
0 |
7 |
|a športové súťaže
|2 pppkcl
|9 1047
|
| 650 |
0 |
7 |
|a športové aktivity
|2 pppkcl
|9 49994
|
| 651 |
|
7 |
|a Spišská Belá (Slovensko)
|2 pppkcl
|9 16198
|
| 651 |
|
7 |
|a Kežmarok (Slovensko : okres)
|2 pppkcl
|9 51824
|
| 773 |
0 |
|
|t Spišskobeliansky spravodaj
|g Roč. 14, č. 6 (2016), s. 6
|x 1339-1534
|
| 852 |
|
|
|a PPPK
|b KIS3GCP
|
| 999 |
|
|
|c 3317023
|d 3318953
|